| 000 | 01546nam a2200493 i 4500 | ||
|---|---|---|---|
| 001 | 56238 | ||
| 003 | KOSZ 005 | ||
| 005 | 20210726140712.0 | ||
| 008 | 090330s2009 pl a f f |001 0 pol | ||
| 015 | _aUWD 2009/9327 | ||
| 020 | _a9788301157142 | ||
| 035 | _a991048726739705066 | ||
| 035 | _a(PL-WaBN)b23551586-48omnis_nlop | ||
| 035 | _ab23551586 | ||
| 035 | _a(OCoLC)833425316 | ||
| 035 | _a(PL)b0000002355158 | ||
| 035 | _a(EXLNZ-48OMNIS_NETWORK)9910097854105606 | ||
| 040 |
_aWA N _cWA N _dKOSZ 005/HR |
||
| 080 | _a(075.8) | ||
| 080 | _a54 | ||
| 080 | _a665.5 | ||
| 100 | 1 |
_aMolski, Marcin _eAutor |
|
| 245 | 1 | 0 |
_aChemia piękna / _cMarcin Molski. |
| 250 | _aWyd. 2. | ||
| 260 |
_aWarszawa : _bWydawnictwo Naukowe PWN, _c2009. |
||
| 300 |
_aX, 419, [1] s. : _bil. ; _c24 cm. |
||
| 336 |
_aTekst _btxt _2rdacontent |
||
| 337 |
_aBez urządzenia pośredniczącego _bn _2rdamedia |
||
| 338 |
_aWolumin _bnc _2rdacarrier |
||
| 380 | _aKsiążki | ||
| 380 | _aPublikacje dydaktyczne | ||
| 385 |
_mPoziom nauczania _aSzkoły wyższe |
||
| 388 | _a2001- | ||
| 504 | _aBibliogr. przy rozdz. Indeks. | ||
| 650 | 7 |
_aKosmetyki _2DBN |
|
| 650 | 7 | _aChemia kosmetyczna | |
| 650 | 7 | _aSkład chemiczny substancji | |
| 655 | 7 |
_aPodręczniki akademickie _2DBN |
|
| 658 | _aChemia | ||
| 710 | 2 |
_aWydawnictwo Naukowe PWN _4pbl |
|
| 856 |
_uhttp://koha.tu.koszalin.pl/cgi-bin/koha/opac-detail.pl?biblionumber=56238 _yKatalog online BPK |
||
| 942 |
_2UKD _cKS |
||
| 999 |
_c56238 _d56238 |
||